| 000 | 00000nam##2200000za#4500 |
| 001 | 9.604362 |
| 003 | CaOODSP |
| 005 | 20210624211539 |
| 007 | cr ||||||||||| |
| 008 | 150406|2009||||xxc|||||o f|0| 0 fre|d |
| 040 | |aCaOODSP|bfre |
| 043 | |an-cn--- |
| 086 | 1 |aTU3-7/09-0029F-PDF |
| 110 | 2 |aBureau de la sécurité des transports du Canada. |
| 245 | 10|aExplosion du pétrolier AlgoCanada près de Prince Edward Point à l'est du lac Ontario (Ontario) le 24 juillet 2009 |h[ressource électronique] |
| 260 | |aOttawa - Ontario : |bBureau de la sécurité des transports du Canada |c[2010]. |
| 300 | |a17p.|bfigures, références, photographies |
| 490 | 1 |aRapport d'enquête maritime |vM09C0029 |
| 590 | |a12-32-Supp|b2012-07-11 |
| 775 | 08|tExplosion - tanker AlgoCanada near Prince Edward Point, Eastern Lake Ontario, Ontario, 24 July 2009 |w(CaOODSP)9.574627 |
| 830 | #0|aRapport d'enquête maritime ;|vM09C0029|w(CaOODSP)9.501269 |
| 856 | 40|ahttp://publications.gc.ca|qPDF|s839 Ko|uhttps://publications.gc.ca/collections/collection_2012/bst-tsb/TU3-7-09-0029-fra.pdf|yM09C0029 |